000 00719nam a2200181Ia 4500
008 100921s9999 xx 000 0 und d
082 _b42494
_a891.463 न 08
100 _aराय सत्यजीत,अनु,गिते विलास.
245 _aमी भूत आणि बारा कथा.
260 _bसाकेत प्रकाशन,औरंगाबाद.
_c2008
300 _a120
_bकलाभारती वितरण,पुणे
365 _b110
520 _aललित-कथा.
630 _aमी भूत आणि बारा कथा.
650 _aललित-कथा.
730 _aमी भूत आणि बारा कथा.
942 _cBOOK
999 _c791607
_d791604